000 01047nam a22002537a 4500
999 _c3419
_d3419
003 AR-CdUCM
008 190306b ||||| |||| 00| 0 spa d
020 _a92-806-3793-9
040 _aMUNICIPALIDAD PROVINCIAL DEL CUSCO
_cBIBLIOTECA MUNICIPAL DEL CUSCO
082 _a370.117 /
_bAL36
100 _aAlbó, Xavier
_97778
245 _aNiños alegres, libres, expresivos :
_bla audacia de la educación intercultural bilingüe en Bolivia /
260 _aLa Paz :
_bCIPCA,
_bUNICEF.
_c2003.
300 _a280 páginas ;
_bilustraciones ,
_c21 cm.
440 _aCuadernos de investigación.
_n58
_911273
505 _aContenido: Los primeros pasos -- El PEIB -- La reforma educativa -- De proyecto a política de estado -- Los retos de sus ejecución -- Aprendiendo de éxitos y fracasos -- Una educación participativa ...
650 _aEducación
_9460
650 _aBolivia
_91138
650 _aInterculturalidad
_97556
650 _aEducación participativa
_911274
700 _aAnaya, Amalia
_911275
942 _2ddc
_cLIBROS
945 _azta